Galois theory

Uloženo v:
Podrobná bibliografie
Hlavní autor: Stewart, Ian (Autor)
Médium: Kniha
Jazyk:angličtina
Vydáno: Londres Chapman and Hall 1989
Vydání:2a. ed
Témata:
Tagy: Přidat tag
Žádné tagy, Buďte první, kdo vytvoří štítek k tomuto záznamu!

MARC

LEADER 00000nam a2200000 a 4500
001 UCS6142
003 CL-VaPUC
008 970912e19890000UK |||||||||||||||||eng|d
082 0 4 |a 512.3  |b STE  |2 21 
100 0 |a Stewart, Ian  |e author  |9 391640 
245 1 0 |a Galois theory 
250 |a 2a. ed 
300 |a 202 p 
942 |c BK 
945 |d 19970912 00:00:00  |a jquezada 
260 |a Londres  |b Chapman and Hall  |c 1989 
600 0 7 |a GALOIS, EVARISTO  |2 CL-VaPUC  |9 391641 
650 0 |a Álgebra  |9 259567 
650 0 |a Teoría de Galois  |9 271494 
650 0 |a Teoría de grupos   |9 270028 
650 0 |a Polinomios  |9 270626 
650 0 |a Ecuaciones  |9 260137 
583 |a last modification  |c 19970912 00:00:00  |k Rodrigo Vera 
999 |c 262109  |d 262107 
952 |0 0  |1 0  |4 0  |6 512_300000000000000_STE_1989  |7 0  |8 A  |9 290289  |a BIBMAT  |b BIBMAT  |d 2019-11-19  |i 3349152  |o 512.3 STE 1989  |p 3349152  |r 2025-01-07  |w 2019-11-19  |y BK  |k MAT